00369nam a22001337a 450000500170000000800410001704100120005808200130007010000120008324500350009526000500013030000300018065000250021020241101095438.0241101b |||||||| |||| 00| 0 eng d aEnglish a349 LAW  lEnglish aThe Law Reports: Appeal Cases  aLondon: bWilliam Clowes and Sons Ltd, c1882 bxxii, 858 pages;c26 cm.  aLegal practice bLaw